000 00591cam a22002173a 4500
001 37448
003 PGUSA
005 20140828083825.0
008 110917s2011||||xxu|||||s|||||000 | eng d
040 _aPGUSA
_beng
042 _adc
050 4 _aPS
100 1 _aGallun, Raymond Z.,
_d1911-1994
245 1 0 _aComet's Burial
_h[electronic resource] /
_cRaymond Z. Gallun
260 _bProject Gutenberg,
_c2011
506 _aPublic domain in the USA.
516 _aElectronic text
830 0 _aProject Gutenberg
_v37448
856 4 0 _uhttp://www.gutenberg.org/ebooks/37448
942 _cEB
999 _c266702
_d266702